000 01444cam a2200349 i 4500
999 _c332300
_d332300
001 18262022
003 NUST
005 20180116125344.0
008 140811s2013 pk 000 0 eng
010 _a 2014323739
020 _a9789698535186
025 _aP-E-2014323739; 31
037 _bLibrary of Congress -- Islamabad Overseas Office
_cRs 400
040 _aDLC
_beng
_cDLC
_erda
042 _alcode
_apcc
043 _aa-pk---
050 0 0 _aDS385.J5
_bB43 2014
082 _a954.9042092 BAZ
100 1 _aBazmi, Aslam,
_96707
245 1 0 _aOur Quaid :
_bas resmembered and reported /
_cAslam Bazmi.
246 1 3 _aOur leader Mohammad Ali Jinnah
260 _bNUST publishing
_c2014
_aIslamabad
300 _axiv, 166p.
_c23 cm
500 _aH.B
502 _a0
600 1 0 _aJinnah, Mahomed Ali,
_d1876-1948.
_94251
710 2 _aNational University of Sciences and Technology (Islāmābād, Pakistan)
_94252
906 _a7
_bcbc
_corigode
_d3
_encip
_f20
_gy-gencatlg
942 _2ddc
_cBK
_kIESE